Statistics for Venezuela First Level Subdivisions

Click here to take the quiz!

General Stats

  • This quiz has been taken 153 times
  • The average score is 12 of 25

Answer Stats

Estados% Correct
Amazonas
82%
Bolívar
76%
Falcón
59%
Nueva Esparta
53%
Sucre
53%
Zulia
53%
Lara
50%
Anzoátegui
47%
Aragua
47%
Carabobo
47%
Mérida
47%
Miranda
47%
Trujillo
47%
Vargas
47%
Capital District
44%
Delta Amacuro
44%
Federal Dependencies
44%
Apure
41%
Táchira
41%
Barinas
38%
Guárico
38%
Portuguesa
38%
Yaracuy
38%
Monagas
35%
Cojedes
32%

Score Distribution

Percentile by Number Answered

Percent of People with Each Score

Your Score History

You have not taken this quiz